000 00361nam a2200169Ia 4500
100 _aMolisch/Andreas F
650 _aWireless communication
942 _cBK
366 _f25
654 _awireless
245 _aWireless communication
260 _bWiley India
_c2005
082 _a621.382
_bMOL
300 _a622
546 _aENGLISH
_cTTL
999 _c32979
_d32979